[Event "ROM-ch U16 Girls"]
[Site "Voineasa"]
[Date "2008.04.15"]
[Round "5"]
[White "Rudisteanu, Dorina Adelina"]
[Black "Capraru, Roxana Elena"]
[Result "0-1"]
[WhiteElo "401"]
[BlackElo "583"]
[PlyCount "114"]
[EventDate "2008.04.08"]
[EventType "swiss"]
[EventRounds "9"]
[EventCountry "ROU"]
[SourceTitle "EXT 2013"]
[Source "ChessBase"]
[SourceDate "2012.11.22"]
[SourceVersion "1"]
[SourceVersionDate "2012.11.22"]
[SourceQuality "1"]

1. e4 e5 2. Nf3 Nc6 3. Bc4 Nf6 4. d3 h6 5. Nc3 Bc5 6. Bd2 0-0 7. 0-0 d6 8. h3 Be6 9. Bb3 Qd7 10. Bxe6 Qxe6 11. Qc1 Nh7 12. Nd5 Rac8 13. Nh2 Nd4 14. Kh1 c6 15. Ne3 f5 16. c3 Ne2 17. Qd1 Bxe3 18. Bxe3 Nf4 19. Bxf4 exf4 20. Qf3 fxe4 21. Qxe4 Ng5 22. Qxe6+ Nxe6 23. Nf3 Rce8 24. Rae1 Nc5 25. Rxe8 Rxe8 26. Rd1 Re2 27. b4 Na4 28. Rc1 Rxf2 29. a3 Nb2 30. Ne1 Rf1+ 31. Kh2 Na4 32. c4 Nc3 33. Rxc3 Rxe1 34. d4 Rd1 35. d5 cxd5 36. cxd5 Rxd5 37. Rc8+ Kh7 38. Rc7 Rb5 39. Rf7 a5 40. bxa5 Rxa5 41. Rxb7 Rxa3 42. Rb4 g5 43. Rd4 Ra6 44. Kg1 Kg6 45. Kf2 Kf5 46. Kf3 Ra3+ 47. Ke2 Ke5 48. Rd2 d5 49. Rd3 Ra2+ 50. Rd2 Rxd2+ 51. Kxd2 Kd4 52. Ke2 Kc3 53. Kd1 d4 54. Kc1 d3 55. Kd1 d2 56. g3 fxg3 57. h4 g2 0-1

[Event "ROM-ch U16 Girls"]
[Site "Voineasa"]
[Date "2008.04.15"]
[Round "6"]
[White "Sevastian, Ana Denisse"]
[Black "Rudisteanu, Dorina Adelina"]
[Result "1-0"]
[WhiteElo "1681"]
[BlackElo "401"]
[PlyCount "117"]
[EventDate "2008.04.08"]
[EventType "swiss"]
[EventRounds "9"]
[EventCountry "ROU"]
[SourceTitle "EXT 2013"]
[Source "ChessBase"]
[SourceDate "2012.11.22"]
[SourceVersion "1"]
[SourceVersionDate "2012.11.22"]
[SourceQuality "1"]

1. d4 d5 2. c4 e6 3. Nc3 Nf6 4. Bg5 Nbd7 5. e3 Be7 6. Nf3 h6 7. Bh4 b6 8. cxd5 exd5 9. Bb5 0-0 10. Bc6 Rb8 11. Qb3 Bb7 12. Bxb7 Rxb7 13. Nxd5 Nxd5 14. Qxd5 Rb8 15. Bxe7 Qxe7 16. 0-0 Nf6 17. Qc6 Rbc8 18. Rac1 Rfe8 19. Rc2 a6 20. Rfc1 Red8 21. Qb7 Nd5 22. a3 a5 23. Ne5 Qd6 24. Rc6 Qe7 25. g3 f6 26. Nf3 Rb8 27. Qa6 Rd6 28. Rxd6 cxd6 29. Qc4 Qf7 30. e4 Ne7 31. Qxf7+ Kxf7 32. Rc7 Kf8 33. Nd2 f5 34. e5 dxe5 35. dxe5 Ng6 36. f4 Re8 37. Rb7 Re6 38. Nc4 Kg8 39. Rxb6 Rxb6 40. Nxb6 Ne7 41. b4 axb4 42. axb4 Nc6 43. Nd5 Kf7 44. b5 Nb8 45. Kf2 Ke8 46. Ke3 Kd7 47. Kd4 Ke6 48. Kc5 g5 49. Nc7+ Ke7 50. Na6 Nd7+ 51. Kc6 Kd8 52. b6 Nxb6 53. Kxb6 Ke7 54. Kc6 Ke6 55. Nc7+ Ke7 56. e6 gxf4 57. gxf4 h5 58. h4 Kf8 59. Kd7 1-0